000 00993nam a22002297a 4500
999 _c6903
_d6903
003 AR-CdUCM
008 190319b ||||| |||| 00| 0 spa d
020 _a84-7137-802-7
040 _aMUNICIPALIDAD PROVINCIAL DEL CUSCO
_cBIBLIOTECA MUNICIPAL DEL CUSCO
082 _a912 /
_bS18
100 _aSalvat, Juan
_919452
245 _aGran Atlas Salvat /
_cSalvat
260 _aPamplona :
_bSalvat,
_c1984.
300 _a16 tomos. :
_bIlustraciones en color ;
_c38 cm.
500 _aColección incompleta faltan los tomos. 1,2.
505 _aContenido: t.1.Planisferio fisico -- t.2. Europa fisica -- t.3. Europa -- t.4 Europa - URSS --- t.5 y 6 Asia; t.7 y 8 Africa -- t.9 y 10 América del Norte -- t.11 y 12 América del Sur -- t.13 América del Sur -- t.14 Oceanía -- t.15 Indice A - Juhnov -- t.16 Indice Juhor - Zywice.
650 _aHistoria Universal
_91423
650 _aHistoria de la humanidad
_914179
700 _aSampablo, Rául
_919453
942 _2ddc
_cLIBROS
945 _arah